000 01026nam a2200301 a 4500
001 906588
003 ARRUPE
005 20151008122517.0
008 830726s1980 quc 000 0 fre
010 _a 81173705
020 _a2218052466
_c$5.50
040 _aDLC
_cDLC
_dDLC
050 0 0 _aPC2272
_b.A77 1980
082 0 0 _a448.2
_219
100 _aDidier Hatier
_920161
245 0 2 _aL'Art de conjuguer :
_bdictionnaire de douze mille verbes.
_cby Didier Hatier
250 _aNouv. éd. entièrement remise à jour.
260 _aBrussel
_bDidier-Hatier
_cc1980.
300 _a157 p. ;
_c20 cm.
440 3 _aLe Bescherelle ;
_v1
_920162
500 _aOn cover: Le Nouveau Bescherelle.
500 _aRevised ed. of: L'art de conjuguer / M. Bescherelle aîné.
500 _aIncludes index.
650 0 _aFrench language
_xgrammar
_920163
700 1 _aBescherelle,
_cM.
_q(Louis Nicolas),
_d1802-1883.
_tArt de conjuguer.
_920164
906 _a7
_bcbc
_corignew
_d3
_encip
_f19
_gy-gencatlg
942 _2lcc
_cMONOGRAPH
999 _c123481
_d123481